| 000 | 00372cam a2200157ua 4500 | ||
|---|---|---|---|
| 041 |
_aeng _h |
||
| 082 |
_a828.09 _bMUL/TH |
||
| 100 | _aMullik, B.R. | ||
| 245 |
_aThackeray`s Vanity Fair / _cMullik B R. _hTextual Documents |
||
| 250 |
_a1 / _b. |
||
| 260 |
_aNew Delhi : _bS Chand Co , _c1965. |
||
| 300 | _a52 ; . | ||
| 504 | _a | ||
| 942 | _cBK | ||
| 999 |
_c2879 _d2879 |
||